[Event "Challenge"]
[Site "http://www.queenalice.com/game.php?id=133249"]
[Date "2006.11.24"]
[Round "-"]
[White "queen_dr"]
[Black "king_of_hearts"]
[Result "1-0"]
[WhiteElo "1232"]
[BlackElo "1538"]

1. e4 g6 2. d4 Bg7 3. Bf4 Nc6 4. c3 Nf6 5. Qd3 O-O 6. Nd2 e6 7. Ngf3 d5 8. Be2
dxe4 9. Nxe4 Nxe4 10. Qxe4 a6 11. O-O f6 12. Bc4 Qe7 13. Rae1 Nd8 14. d5 b5 15.
Bd3 Re8 16. d6 Bb7 17. dxe7 Bxe4 18. Bxe4 c6 19. Bc7 Rxe7 20. Bd6 Rd7 21. Bxc6
Nxc6 22. Rd1 Rad8 23. Rd2 Rxd6 24. Re1 1-0

[Event "AUTO-BEG-44"]
[Site "http://www.queenalice.com/game.php?id=135046"]
[Date "2006.11.30"]
[Round "1"]
[White "clodoaldopaiva"]
[Black "queen_dr"]
[Result "0-1"]
[WhiteElo "1037"]
[BlackElo "1467"]

1. e3 d5 2. g4 f5 3. gxf5 Bxf5 4. Bb5+ Qd7 5. Bxd7+ Nxd7 6. Ne2 O-O-O 7. Nd4 g6
8. Qf3 Nh6 9. Ne6 Bxe6 10. Rg1 Ne5 11. Qf4 Bg7 12. Qg5 Bf6 13. Qxh6 Nf7 14. Qf4
g5 15. Qb4 Rd6 16. Qa4 Ra6 17. Qb3 d4 18. Qb4 Rb6 19. Qxe7 Bxe7 20. exd4 g4 21.
h3 Ng5 22. Rg3 Ne4 23. Re3 gxh3 24. Rxe4 h2 25. Kd1 h1=Q+ 26. Re1 Qh5+ 27. Re2
Bg4 28. Nc3 Qh1# 0-1

[Event "AUTO-BEG-44"]
[Site "http://www.queenalice.com/game.php?id=135047"]
[Date "2006.11.30"]
[Round "1"]
[White "queen_dr"]
[Black "clodoaldopaiva"]
[Result "1-0"]
[WhiteElo "1100"]
[BlackElo "963"]

1. e4 e6 2. d4 Nf6 3. Bd3 c6 4. Nf3 Ng8 5. O-O h5 6. Bd2 h4 7. Bf4 g5 8. Bxg5 f6
9. Bxh4 Ne7 10. Bxf6 Kf7 11. e5 Ke8 12. Bxh8 Nd5 13. Qd2 Qe7 14. c4 Nb6 15. Bg6+
Kd8 16. Bf6 a5 17. Bxe7+ Kxe7 18. Qg5# 1-0

[Event "AUTO-BEG-44"]
[Site "http://www.queenalice.com/game.php?id=135060"]
[Date "2006.11.30"]
[Round "1"]
[White "Fernando_Bilk_Marques"]
[Black "queen_dr"]
[Result "1-0"]
[WhiteElo "1625"]
[BlackElo "1514"]

1. e4 d6 2. Nf3 e5 3. d4 c5 4. Bc4 Nh6 5. dxe5 Bg4 6. Bd5 Qc8 7. c3 Qc7 8. h3
Bxf3 9. Qxf3 dxe5 10. Bxh6 gxh6 11. Nd2 Kd8 12. Qf6+ Ke8 13. Qxh8 Nd7 14. Qxh7
c4 15. Qxf7+ Kd8 16. Be6 Qd6 17. Bxd7 Kc7 18. Ba4+ Be7 19. Nxc4 Qc5 20. O-O-O b5
21. Bxb5 Re8 22. Qxe8 Qxb5 23. Qxe7+ 1-0

[Event "AUTO-BEG-44"]
[Site "http://www.queenalice.com/game.php?id=135061"]
[Date "2006.11.30"]
[Round "1"]
[White "queen_dr"]
[Black "Fernando_Bilk_Marques"]
[Result "0-1"]
[WhiteElo "1478"]
[BlackElo "1637"]

1. e4 e5 2. d3 Nc6 3. Nf3 d6 4. Be2 Nf6 5. O-O Be7 6. Nc3 Be6 7. Be3 O-O 8. Ng5
Nd7 9. Nxe6 fxe6 10. Bg4 Nc5 11. f4 Qd7 12. Qf3 exf4 13. Bxf4 Bg5 14. Qe3 Bxf4
15. Rxf4 Rxf4 16. Qxf4 Rf8 17. Qg5 Qf7 18. a3 Nd4 19. Rc1 Nxc2 20. Be2 Qf2+ 21.
Kh1 Ne3 22. Nb5 Qxe2 23. Nxc7 Rf1+ 0-1

[Event "AUTO-BEG-44"]
[Site "http://www.queenalice.com/game.php?id=135070"]
[Date "2006.11.30"]
[Round "1"]
[White "queen_dr"]
[Black "ThetrueElrohir"]
[Result "1-0"]
[WhiteElo "1467"]
[BlackElo "1173"]

1. e4 e5 2. d3 Nf6 3. Qf3 d5 4. Nc3 dxe4 5. Nxe4 Bg4 6. Qg3 Nxe4 7. Qe3 Nf6 8.
Qxe5+ Be7 9. Qb5+ c6 10. Qxb7 Nbd7 11. Qxc6 Bb4+ 12. c3 Rc8 13. Qe6+ Bxe6 14.
cxb4 Nd5 15. Bd2 f5 16. Nf3 g5 17. Nxg5 Bf7 18. d4 h6 19. Ba6 Rc6 20. b5 Rc2 21.
Bc1 1-0

[Event "AUTO-BEG-44"]
[Site "http://www.queenalice.com/game.php?id=135071"]
[Date "2006.11.30"]
[Round "1"]
[White "ThetrueElrohir"]
[Black "queen_dr"]
[Result "0-1"]
[WhiteElo "1173"]
[BlackElo "1488"]

1. e4 e5 2. c3 d6 3. d4 Bd7 4. dxe5 dxe5 5. f4 Bd6 6. fxe5 Bxe5 7. Nf3 Qf6 8. a4
Bg4 9. Bg5 Qe6 10. h3 Bxf3 11. gxf3 Bg3+ 12. Ke2 Nc6 13. h4 Qe5 14. f4 Qxe4+ 15.
Kd2 Qxh1 16. Qe2+ Nce7 17. Qb5+ c6 18. Qxb7 Rd8+ 19. Ke2 Qh2+ 20. Kf3 Qf2+ 0-1

[Event "AUTO-INT-360"]
[Site "http://www.queenalice.com/game.php?id=173438"]
[Date "2007.2.24"]
[Round "1"]
[White "queen_dr"]
[Black "xavimg"]
[Result "0-1"]
[WhiteElo "1368"]
[BlackElo "1640"]

1. e4 e5 2. d3 Nf6 3. Nf3 Nc6 4. Be3 g6 5. d4 exd4 6. Nxd4 Bg7 7. Qf3 Nb4 8. Na3
d6 9. Bb5+ c6 10. Bc4 c5 11. Nb3 O-O 12. O-O Bg4 13. Qf4 Bd7 14. Nb5 Nxc2 15.
Rad1 Nh5 16. Qf3 Bxb5 17. Bxb5 a6 18. Bc4 b5 19. Bd3 Nxe3 20. fxe3 c4 0-1

[Event "AUTO-INT-360"]
[Site "http://www.queenalice.com/game.php?id=173440"]
[Date "2007.2.24"]
[Round "1"]
[White "queen_dr"]
[Black "dinkoiliev"]
[Result "0-1"]
[WhiteElo "1386"]
[BlackElo "1656"]

1. e4 e5 2. d3 Nc6 3. Be3 d5 4. Nc3 Be6 5. Qf3 Nd4 6. Qe2 Nxe2 7. Bxe2 Nf6 8.
Nf3 Ng4 9. Bg5 f6 10. Bh4 Bc5 11. Nd1 c6 12. O-O O-O 13. Nc3 g5 0-1

[Event "AUTO-INT-360"]
[Site "http://www.queenalice.com/game.php?id=173441"]
[Date "2007.2.24"]
[Round "1"]
[White "dinkoiliev"]
[Black "queen_dr"]
[Result "1-0"]
[WhiteElo "1661"]
[BlackElo "1376"]

1. e4 e5 2. Nf3 d6 3. Nc3 Nc6 4. Bd3 Nf6 5. O-O d5 6. exd5 Nb4 7. Nxe5 Qe7 8.
Re1 Bd7 9. Nxf7 Be6 10. Rxe6 Kxf7 11. Rxe7+ Bxe7 12. Bc4 Rad8 13. a3 Na6 14. d6+
1-0

[Event "AUTO-INT-360"]
[Site "http://www.queenalice.com/game.php?id=173442"]
[Date "2007.2.24"]
[Round "1"]
[White "queen_dr"]
[Black "holandes"]
[Result "0-1"]
[WhiteElo "1401"]
[BlackElo "1623"]

1. e4 e5 2. d3 d6 3. Nc3 Nc6 4. Nf3 h6 5. Be3 Nf6 6. Nh4 h5 7. Bg5 Be7 8. Be2
Bg4 9. f3 Be6 10. Qd2 Nh7 11. Bxe7 Qxe7 12. g3 Nd4 13. Bf1 g5 14. Ng2 Nxf3+ 15.
Kd1 Nxd2 16. Kxd2 O-O 0-1

[Event "AUTO-INT-360"]
[Site "http://www.queenalice.com/game.php?id=173443"]
[Date "2007.2.24"]
[Round "1"]
[White "holandes"]
[Black "queen_dr"]
[Result "1-0"]
[WhiteElo "1615"]
[BlackElo "1420"]

1. e4 e5 2. d4 d6 3. d5 Nf6 4. Nc3 Na6 5. Qe2 Bd7 6. Bg5 Nc5 7. O-O-O Be7 8. f4
Bg4 9. Nf3 Qd7 10. h3 Bxf3 11. Qxf3 O-O 12. Qg3 Ncxe4 13. Nxe4 Nxe4 14. Qh4 Rae8
15. Bxe7 Rxe7 16. Bd3 Nf6 17. g4 Rfe8 18. g5 1-0

[Event "AUTO-OPEN-627"]
[Site "http://www.queenalice.com/game.php?id=198328"]
[Date "2007.4.17"]
[Round "1"]
[White "queen_dr"]
[Black "schwam"]
[Result "0-1"]
[WhiteElo "1371"]
[BlackElo "1819"]

1. e4 c6 2. d3 d5 3. Nc3 dxe4 4. Nxe4 Bf5 5. Qf3 Bxe4 6. Qxe4 Nf6 7. Qf3 e6 8.
Qe3 Nd5 9. Qe4 Bb4+ 10. c3 Ba5 11. Qe5 O-O 12. Nf3 Nd7 13. Qd6 N7f6 0-1

[Event "AUTO-OPEN-627"]
[Site "http://www.queenalice.com/game.php?id=198329"]
[Date "2007.4.17"]
[Round "1"]
[White "schwam"]
[Black "queen_dr"]
[Result "1-0"]
[WhiteElo "1817"]
[BlackElo "1371"]

1. e4 e5 2. Nf3 d6 3. d4 Nc6 4. Bb5 Bg4 5. d5 Nf6 6. Bg5 h6 7. Bxf6 Qxf6 8. dxc6
O-O-O 9. cxb7+ Kb8 10. Bc6 Qf4 11. Nbd2 Qg5 12. Nxg5 hxg5 13. Qxg4 g6 14. O-O-O
Be7 15. Nf3 1-0